00482 2200181 4500001002100000005001500021035002000036007000300056008004100059020002200100082000800122084001400130100002100144245004100165260003300206300004600239650001500285INLIS00000000000037420221027125524 a0010-1022000116ta221027 a 1 ind  a978-979-099-427-0 a613 a613 ANI k0 aanies listyowati1 aKaila Sakit Gigi /canies listyowati aJakarta :bErlangga For Kids a22 halaman :bilustrasi berwarna ;c22 cm 4aFiksi Anak